Vũ Ngọc Phan toàn tập Trọn bộ 5 tập Tập 2 Văn học hiện đại: Quyển nhất, Q. hai, Q. ba, Q. tư ( Tập thượng ), Q. tư ( Tập hạ )

Na minha lista:
Detalhes bibliográficos
Outros Autores: Hồng Diệu (Sưu tầm, tuyển chọn và giới thiệu)
Formato: Livro
Idioma:Vietnamese
Publicado em: H. Văn học 2010
Assuntos:
Tags: Adicionar Tag
Sem tags, seja o primeiro a adicionar uma tag!
Thư viện lưu trữ: Mạng thư viện Đại học Đà Nẵng
LEADER 01465nam a2200373 4500
001 000005736
003 1884
005 20120410090414.0
008 110822s2010 viesd
020 |c 000đ 
041 0 |a vie 
082 |a 895.922  |b VU-P 
245 1 0 |a Vũ Ngọc Phan toàn tập  |b Trọn bộ 5 tập  |c Vũ Ngọc Phan ; Hồng Diệu sưu tầm, tuyển chọn và giới thiệu  |n Tập 2  |p Văn học hiện đại: Quyển nhất, Q. hai, Q. ba, Q. tư ( Tập thượng ), Q. tư ( Tập hạ ) 
260 |a H.  |b Văn học  |c 2010 
300 |a 1011 tr :  |c 21cm 
500 |a Nhà xuất bản Văn học và gia đình giữ bản quyền tác giả 
504 |a Tổng mục lục 
653 |a Văn học hiện đại 
653 |a Việt Nam 
653 |a Thi sĩ 
653 |a Nghệ thuật 
700 |a Hồng Diệu  |e Sưu tầm, tuyển chọn và giới thiệu 
773 |t Vũ Ngọc Phan toàn tập  |w 1880 
910 |a Nguyễn Thị Kim Oanh  |d 22/08/2011 
OWN |a LSP 
AVA |a UDN50  |b LSP  |d 895.922 VU-P  |e available  |t Error 5001 Not defined in file expand_doc_bib_avail.  |f 3  |g 0  |h N  |i 0  |k 1 
999 |a From the UDN01 
AVA |a UDN50  |b LSP  |d 895.922 VU-P  |e available  |t Error 5001 Not defined in file expand_doc_bib_avail.  |f 3  |g 0  |h N  |i 0  |k 1 
TYP |a Monograph 
TYP |a Printed language 
980 |a Mạng thư viện Đại học Đà Nẵng